| 000 | 00521nam a2200181Ia 4500 | ||
|---|---|---|---|
| 999 |
_c3257 _d3257 |
||
| 003 | OSt | ||
| 005 | 20200814101943.0 | ||
| 008 | 190216s9999||||xx |||||||||||||| ||und|| | ||
| 020 | _a8171412440 | ||
| 040 | _coclc | ||
| 082 |
_a543 _bIQB/I |
||
| 100 |
_aIqbal, S A _94118 |
||
| 245 | 0 |
_aAn Introduction To Analytical Chemistry / _cS A Iqbal ; M Stake |
|
| 260 |
_bDiscovery Publishing House, _a Delhi: _c2003. |
||
| 300 | _a193p | ||
| 650 | _aChemistry | ||
| 942 |
_cBK _2ddc _h543 _iIQB/I _k543 _mIQB/I |
||